000
00358nam a2200145 a 4500
005
20140414131906.0
008
050928s19uu xx 00 eng d
020
_a
050
_a
FIC
_b
St1 2000
100
_a
Singer, A.L.
245
_a
Podrace to freedom.
260
_a
New York :
_b
Scholastic ,
_c
2000.
440
_a
Star Wars Episode 1
999
_c
110945
_d
110945